• 首页
  • 本馆介绍
  • 公告通知
  • 最新文献
  • 馆藏检索
  • 电子资源
  • 读者导购
  • 参考咨询
  • 我的图书馆
  • 登录
  • 详细信息显示
  • 放入我的书架
  • 预约/预借图书
  • 作者相关作品
  • 分类相关作品
  • 丛书相关作品
  • 出版社相关作品

书目信息

  • 表格格式
  • 工作单格式
  • 卡片格式
题名:
档案网上展览制作方法
    
 
作者: 段东升 主编
分册:  
出版信息: 北京   中国文史出版社  2013.08
页数: 228页
开本: 24cm
丛书名:
单 册:
中图分类: G270.7
科图分类:
主题词: 计算机网络--ji suan ji wang lao--应用--档案工作 , 计算机网络--ji suan ji wang lao , 档案工作--dang an gong zuo
电子资源:
ISBN: 978-7-5034-4121-9
000 01103nam0 2200277 450
001 0109110020
005 20201109110331.0
010    @a978-7-5034-4121-9@dCNY35.00
100    @a20140429e20202013em y0chiy50 ea
101 0  @achi
102    @aCN@b110000
105    @aa z 000yy
106    @ar
200 1  @a档案网上展览制作方法@Adang an wang shang zhan lan zhi zuo fang fa@f段东升主编
210    @a北京@c中国文史出版社@d2013.08@h2020.05
215    @a228页@c图@d24cm@e1光盘
304    @a国家档案局组织编写
307    @a附光盘:ISBN 978-7-900211-51-4
330    @a本书依次介绍了档案网上展览资源准备、设计原则、制作程序,档案网上展览基础要素,档案网上展览的网页制作,档案网上展览的动画技术等内容,以多媒体教学演示光盘为主,逐项演示需完成工作任务的具体操作方法、操作要领、操作程序及注意事项等。
606 0  @a计算机网络@Aji suan ji wang lao@x应用@x档案工作
606 0  @a计算机网络@Aji suan ji wang lao
606 0  @a档案工作@Adang an gong zuo
690    @aG270.7@v5
701  0 @a段东升@Aduan dong sheng@c(档案工作)@4主编
801  0 @aCN@bBJSZM@c20201103
905    @b1263756-60@dG270.7@e110@f5
    
    档案网上展览制作方法/段东升主编.-北京:中国文史出版社,2013.08(2020.05)
    228页:图;24cm+1光盘
    
    
    ISBN 978-7-5034-4121-9:CNY35.00
    本书依次介绍了档案网上展览资源准备、设计原则、制作程序,档案网上展览基础要素,档案网上展览的网页制作,档案网上展览的动画技术等内容,以多媒体教学演示光盘为主,逐项演示需完成工作任务的具体操作方法、操作要领、操作程序及注意事项等。
●
相关链接 在E读中查询图书 在五车中查询图书 在当当中查询图书 在豆瓣中查询图书


正题名:档案网上展览制作方法     索取号:G270.7/110         预约/预借

序号 登录号 条形码 馆藏地/架位号 状态 备注
1 1263756   212637565   第一样本阅览室/ [索取号:G270.7/110] 在馆    
2 1263757   212637574   教育系资料室/ [索取号:G270.7/110] 在馆    
3 1263758   212637583   教育系资料室/ [索取号:G270.7/110] 在馆    
4 1263759   212637592   第四借阅区/ [索取号:G270.7/110] 在馆    
5 1263760   212637609   第四借阅区/ [索取号:G270.7/110] 在馆    
唐山师范学院图书馆 欢迎您!
大连网信软件有限公司© 版权所有